000 00417nam a2200181Ia 4500
001 898
005 20260306140552.0
008 260306t2007||||xx |||||||||||||| ||spa||
041 _aESP
082 _a172
_bS73
100 _aSpaemann, Robert
_eAUT
245 0 _aEtica, política y cristianismo
260 _c2007
300 _a299 páginas :
_c21 cm.
650 _aGEN
654 _aCHU
942 _cLIB
_dJUS
_fJUS
_2ddc
_n
999 _c898
_d898